| 000 | 00461nam a2200157 i 4500 | ||
|---|---|---|---|
| 001 | 63139 | ||
| 003 | ES-MaACL | ||
| 005 | 20230906164807.0 | ||
| 007 | t| | ||
| 008 | 031128s1973 sp ||||1| spa d | ||
| 100 | 1 |
_aFerrán Andreu, José María. _950242 |
|
| 245 | 1 | 4 |
_aLas palomas mensajeras / _cJosé María Ferrán Andreu. |
| 260 |
_aBarcelona : _bDe Vecchi, _c[1973] |
||
| 300 |
_a237 p., 4 lám. : _bil. ; _c21 cm. |
||
| 852 |
_aES-MaACL _jC-56003 _bR.88666 |
||
| 999 |
_c63139 _d63139 |
||